000
00286nam a22001097a 4500
020
_a
978-986-97417-6-7
050
_a
783.3886
245
_a
林榮三與台灣
_c
鄧蔚偉
250
_a
初版
260
_a
新北市
_b
財團法人林榮三文化公益基金會
_c
2025.12
942
_2
ccl
_c
BOOK
999
_c
7704
_d
7704